000 00862nam a22002297a 4500
005 20170628115046.0
010 _a1617EN ENG-118978
020 _a9788178244693
_c795.00
035 _aB-647790-796
035 _aEN-102510
037 _adpl
_bBookwell
037 _bDBAD/PUB
082 _a907.202
100 _aChakrabarty, Dipesh
245 _aThe calling of history :
_cby Dipesh Chakrabarty
_bSir Jadunath Sarkar and his empire of truth /
260 _aRanikhet
_bPermanent Black
_c2015
270 _aHimalayana, Mall Road, Ranikhet Cantt.
_bRanikhet
_e263645
300 _a304p.
_c23cm(Hb)
500 _aIncludes index
942 _2ddc
_cEN
_mCHA
_h907.202
999 _c102580
_d102580